Normal view MARC view
  • Austroads

Entry Personal Name

Number of records used in: 2

001 - CONTROL NUMBER

  • control field: 25029

003 - CONTROL NUMBER IDENTIFIER

  • control field: NUST

005 - DATE AND TIME OF LATEST TRANSACTION

  • control field: 20191030103018.0

008 - FIXED-LENGTH DATA ELEMENTS

  • fixed length control field: 191030|| aca||aabn | a|a d

040 ## - CATALOGING SOURCE

  • Original cataloging agency: NUST
  • Transcribing agency: NUST

100 ## - HEADING--PERSONAL NAME

  • Personal name: Austroads

670 ## - SOURCE DATA FOUND

  • Source citation: Work cat.: (NUST): Austroads, Guide to project evaluation (8 Parts), 2008
© 2023 Central Library, National University of Sciences and Technology. All Rights Reserved.